[Event "Mittelrhein Verbandsliga-S 18/19"]
[Site "Nordrheinwestfalen"]
[Date "2019.05.05"]
[Round "10.6"]
[White "Mittmann, Johannes"]
[Black "Schwab, Wolfgang"]
[Result "1-0"]
[WhiteElo "2060"]
[BlackElo "1660"]
[PlyCount "59"]
[EventDate "2018.09.02"]
[EventType "team-tourn"]
[EventRounds "11"]
[EventCountry "GER"]
[SourceTitle "EXT 2022"]
[Source "ChessBase"]
[SourceDate "2021.10.06"]
[SourceVersion "1"]
[SourceVersionDate "2021.10.06"]
[SourceQuality "1"]
[WhiteTeam "Godesberg II"]
[BlackTeam "St Augustin Turm"]
[WhiteTeamCountry "GER"]
[BlackTeamCountry "GER"]

1. e4 d6 2. d4 Nf6 3. Nc3 Nbd7 4. Nf3 e5 5. Bc4 Be7 6. 0-0 h6 7. Re1 c6 8. a4 Qc7 9. Ba2 Nf8 10. Be3 Ng6 11. Qe2 0-0 12. Rad1 Ng4 13. dxe5 N6xe5 14. Bf4 Nxf3+ 15. Qxf3 Ne5 16. Qg3 Kh7 17. Ne2 g5 18. Bd2 f5 19. exf5 Bxf5 20. Nd4 Bd7 21. c4 Rae8 22. Bc3 Rf4 23. c5 d5 24. Nb5 cxb5 25. Bxe5 Qxc5 26. Bb1+ Rf5 27. Bd4 Qc4 28. Qe5 Kg6 29. g4 Bf6 30. Qxf6+ 1-0

[Event "Mittelrhein Verbandsliga-S 18/19"]
[Site "Nordrheinwestfalen"]
[Date "2019.04.07"]
[Round "9.5"]
[White "Mittmann, Johannes"]
[Black "Anderton, Philip"]
[Result "1-0"]
[WhiteElo "2060"]
[BlackElo "1927"]
[PlyCount "63"]
[EventDate "2018.09.02"]
[EventType "team-tourn"]
[EventRounds "11"]
[EventCountry "GER"]
[SourceTitle "EXT 2022"]
[Source "ChessBase"]
[SourceDate "2021.10.06"]
[SourceVersion "1"]
[SourceVersionDate "2021.10.06"]
[SourceQuality "1"]
[WhiteTeam "Godesberg II"]
[BlackTeam "Siebengebirge"]
[WhiteTeamCountry "GER"]
[BlackTeamCountry "GER"]

1. e4 c5 2. Nf3 d6 3. d4 cxd4 4. Nxd4 Nf6 5. Nc3 a6 6. Bg5 Nbd7 7. f4 g6 8. Qe2 Qc7 9. 0-0-0 Bg7 10. f5 b5 11. g4 Bb7 12. Bg2 Rc8 13. Kb1 Ne5 14. Bxf6 Bxf6 15. Nd5 Bxd5 16. exd5 Qc4 17. Qe4 a5 18. Bf1 Qc5 19. Bxb5+ Kf8 20. a4 Kg7 21. h4 g5 22. hxg5 Bxg5 23. Rh5 h6 24. f6+ exf6 25. Nf5+ Kf8 26. Rdh1 Nc4 27. Qe7+ Kg8 28. Bxc4 Qxc4 29. R5h2 Rb8 30. Rh3 Qxd5 31. Qa7 Kh7 32. Rxh6+ 1-0

[Event "Mittelrhein Regionalliga 1718"]
[Site "Nordrheinwestfalen"]
[Date "2018.05.06"]
[Round "9.4"]
[White "Classen, Harald"]
[Black "Mittmann, Johannes"]
[Result "0-1"]
[WhiteElo "1998"]
[BlackElo "2060"]
[PlyCount "84"]
[EventDate "2017.09.10"]
[EventType "team-tourn"]
[EventRounds "9"]
[EventCountry "GER"]
[SourceTitle "EXT 2022"]
[Source "ChessBase"]
[SourceDate "2021.10.06"]
[SourceVersion "1"]
[SourceVersionDate "2021.10.06"]
[SourceQuality "1"]
[WhiteTeam "Leverkusen SC Bayer"]
[BlackTeam "Godesberg II"]
[WhiteTeamCountry "GER"]
[BlackTeamCountry "GER"]

1. c4 e5 2. Nc3 Nf6 3. Nf3 Nc6 4. e3 Bb4 5. Qc2 0-0 6. Nd5 Re8 7. a3 Bf8 8. Bd3 h6 9. h4 d6 10. Nxf6+ Qxf6 11. Bh7+ Kh8 12. Be4 g6 13. b4 Bg7 14. Bb2 Bf5 15. d3 Kg8 16. h5 g5 17. 0-0-0 Rab8 18. Nh2 Ne7 19. Kb1 b5 20. Bxf5 Qxf5 21. e4 Qd7 22. c5 a5 23. c6 Nxc6 24. Rc1 Rb6 25. bxa5 Ra6 26. Nf3 Rc8 27. Nd2 Nxa5 28. Nf1 c5 29. Ne3 Nc6 30. Nd5 Rca8 31. g3 Qb7 32. g4 b4 33. axb4 Nxb4 34. Nxb4 Qxb4 35. Qc3 Qa4 36. Qc4 Qd7 37. f3 Ra4 38. Qd5 R8a7 39. Rc4 Ra2 40. Rh2 Qb5 41. Kc1 Qb3 42. Rcc2 Rxb2 0-1

[Event "Mittelrhein Regionalliga 1718"]
[Site "Nordrheinwestfalen"]
[Date "2018.04.15"]
[Round "8.3"]
[White "Rajashekarraju, Shridhar"]
[Black "Mittmann, Johannes"]
[Result "1-0"]
[WhiteElo "2134"]
[BlackElo "2037"]
[PlyCount "67"]
[EventDate "2017.09.10"]
[EventType "team-tourn"]
[EventRounds "9"]
[EventCountry "GER"]
[SourceTitle "EXT 2022"]
[Source "ChessBase"]
[SourceDate "2021.10.06"]
[SourceVersion "1"]
[SourceVersionDate "2021.10.06"]
[SourceQuality "1"]
[WhiteTeam "Aachen SV II"]
[BlackTeam "Godesberg II"]
[WhiteTeamCountry "GER"]
[BlackTeamCountry "GER"]

1. d4 d5 2. Bf4 Nf6 3. e3 c5 4. c3 Qb6 5. Qb3 c4 6. Qc2 Nc6 7. Nd2 Bg4 8. Ngf3 e6 9. e4 Nxe4 10. Nxe4 dxe4 11. Nd2 Be7 12. Nxc4 Qd8 13. Qxe4 Bf5 14. Qf3 0-0 15. Be2 Rc8 16. a4 Na5 17. Nxa5 Qxa5 18. Qxb7 Bf6 19. Qb5 Qd8 20. 0-0 Be4 21. Rfd1 Qe7 22. a5 Rfd8 23. a6 Ba8 24. Bf3 Bxf3 25. gxf3 Rd5 26. Qb7 Qd8 27. Qxa7 Rb5 28. d5 e5 29. Bc1 h6 30. Qe3 Bg5 31. Qxe5 Bxc1 32. Raxc1 Rxb2 33. a7 Rc4 34. Rb1 1-0

[Event "Mittelrhein Regionalliga 1718"]
[Site "Nordrheinwestfalen"]
[Date "2018.02.04"]
[Round "6.4"]
[White "Mittmann, Johannes"]
[Black "Lamprecht, Mark"]
[Result "1-0"]
[WhiteElo "2037"]
[BlackElo "2208"]
[PlyCount "89"]
[EventDate "2017.09.10"]
[EventType "team-tourn"]
[EventRounds "9"]
[EventCountry "GER"]
[SourceTitle "EXT 2022"]
[Source "ChessBase"]
[SourceDate "2021.10.06"]
[SourceVersion "1"]
[SourceVersionDate "2021.10.06"]
[SourceQuality "1"]
[WhiteTeam "Godesberg II"]
[BlackTeam "Bonn Beuel"]
[WhiteTeamCountry "GER"]
[BlackTeamCountry "GER"]

1. e4 c6 2. d4 d5 3. exd5 cxd5 4. c4 Nf6 5. Nc3 Nc6 6. Bg5 e6 7. Nf3 Be7 8. c5 0-0 9. Bb5 Ne4 10. Bxe7 Nxe7 11. Rc1 b6 12. c6 Qd6 13. 0-0 Ng6 14. Re1 f5 15. a3 a6 16. Bf1 b5 17. b4 Ra7 18. Qb3 Qf4 19. Ne2 Qd6 20. a4 Rc7 21. axb5 axb5 22. Nc3 Nxc3 23. Qxc3 Ba6 24. Qc5 Qxc5 25. Rxc5 Re8 26. Ra1 Bc8 27. Bxb5 Kf8 28. Re1 h6 29. h4 Rd8 30. Bf1 Ke7 31. b5 Kd6 32. Rec1 Re7 33. g3 h5 34. b6 Rf8 35. b7 Bxb7 36. cxb7 Rxb7 37. Ng5 Rf6 38. Bb5 Ne7 39. Nf3 f4 40. Kg2 fxg3 41. fxg3 Ra7 42. Bd3 Ra3 43. R5c3 Ra2+ 44. R1c2 Ra4 45. Rb2 1-0

[Event "Mittelrhein Regionalliga 16/17"]
[Site "Nordrheinwestfalen"]
[Date "2017.04.30"]
[Round "11.7"]
[White "Steiz, Johann"]
[Black "Mittmann, Johannes"]
[Result "0-1"]
[WhiteElo "1664"]
[BlackElo "2021"]
[PlyCount "40"]
[EventDate "2016.09.11"]
[EventType "team-tourn"]
[EventRounds "11"]
[EventCountry "GER"]
[SourceTitle "EXT 2022"]
[Source "ChessBase"]
[SourceDate "2021.10.06"]
[SourceVersion "1"]
[SourceVersionDate "2021.10.06"]
[SourceQuality "1"]
[WhiteTeam "Dormagen SV"]
[BlackTeam "Godesberg II"]
[WhiteTeamCountry "GER"]
[BlackTeamCountry "GER"]

1. e4 e5 2. Nf3 d6 3. d4 exd4 4. Nxd4 Nf6 5. Nc3 Be7 6. Bf4 0-0 7. Qd2 d5 8. Ndb5 Bb4 9. 0-0-0 c6 10. Nc7 Nxe4 11. Qe3 Nxc3 12. bxc3 Ba3+ 13. Kb1 Na6 14. Nxa8 Qa5 15. Ka1 Be6 16. Bxa6 d4 17. cxd4 Bc1 18. d5 Bxe3 19. fxe3 cxd5 20. Bxb7 d4 0-1

[Event "Mittelrhein Regionalliga 16/17"]
[Site "Nordrheinwestfalen"]
[Date "2016.11.27"]
[Round "4.6"]
[White "Wolfradt, Dirk"]
[Black "Mittmann, Johannes"]
[Result "1-0"]
[WhiteElo "2006"]
[BlackElo "2021"]
[PlyCount "99"]
[EventDate "2016.09.11"]
[EventType "team-tourn"]
[EventRounds "11"]
[EventCountry "GER"]
[SourceTitle "EXT 2022"]
[Source "ChessBase"]
[SourceDate "2021.10.06"]
[SourceVersion "1"]
[SourceVersionDate "2021.10.06"]
[SourceQuality "1"]
[WhiteTeam "Langenfeld"]
[BlackTeam "Godesberg II"]
[WhiteTeamCountry "GER"]
[BlackTeamCountry "GER"]

1. d4 d5 2. c4 c6 3. Nf3 Nf6 4. Nc3 dxc4 5. a4 Bf5 6. e3 e6 7. Bxc4 Bb4 8. 0-0 0-0 9. Qb3 Qe7 10. Ne5 a5 11. f3 Nfd7 12. Nxd7 Nxd7 13. e4 Bg6 14. Be3 Rad8 15. Rfd1 Nb6 16. Bf1 Qc7 17. Rac1 Nd7 18. Kh1 Qb8 19. Bc4 Bd6 20. Bg1 Bf4 21. Rc2 Qd6 22. Ne2 Bg5 23. Bd3 Rfe8 24. Qxb7 Rc8 25. Qa6 Be7 26. Qxa5 Qb8 27. Rdc1 Qb7 28. Qa6 Qb3 29. Bc4 Qb4 30. Bb5 Nb8 31. Qa7 Bg5 32. Rc4 Qf8 33. f4 cxb5 34. Rxc8 Rxc8 35. Rxc8 Qxc8 36. fxg5 bxa4 37. Nc3 Nd7 38. Qxa4 Nb6 39. Qb5 Nc4 40. Qc5 Qxc5 41. dxc5 Nd2 42. e5 Kf8 43. h4 Ne4 44. c6 Ke8 45. Nb5 Bf5 46. Nd6+ Ke7 47. Bc5 Kd8 48. Bb6+ Ke7 49. Nc8+ Ke8 50. Na7 1-0

[Event "Mittelrhein Regionalliga 16/17"]
[Site "Nordrheinwestfalen"]
[Date "2016.09.11"]
[Round "1.5"]
[White "Mittmann, Johannes"]
[Black "Eisentraut, Dieter"]
[Result "1-0"]
[WhiteElo "2021"]
[BlackElo "1796"]
[PlyCount "53"]
[EventDate "2016.09.11"]
[EventType "team-tourn"]
[EventRounds "11"]
[EventCountry "GER"]
[SourceTitle "EXT 2022"]
[Source "ChessBase"]
[SourceDate "2021.10.06"]
[SourceVersion "1"]
[SourceVersionDate "2021.10.06"]
[SourceQuality "1"]
[WhiteTeam "Godesberg II"]
[BlackTeam "Godesberg III"]
[WhiteTeamCountry "GER"]
[BlackTeamCountry "GER"]

1. e4 d6 2. d4 Nf6 3. Nc3 c6 4. Be3 Nbd7 5. f3 e5 6. Qd2 Be7 7. Bc4 b5 8. Bb3 a6 9. a4 Bb7 10. Nh3 Nb6 11. dxe5 dxe5 12. Qe2 b4 13. Rd1 Qc7 14. a5 Nbd7 15. Bxf7+ Kxf7 16. Ng5+ Ke8 17. Qc4 Qxa5 18. Qf7+ Kd8 19. Ne6+ Kc8 20. Qxe7 bxc3 21. b4 Qb5 22. Qd6 Ne8 23. Qxd7+ Kb8 24. Qe7 Bc8 25. Rd8 Qb7 26. Rxe8 Rxe8 27. Qd6+ 1-0

[Event "Mittelrhein Regionalliga 15/16"]
[Site "Nordrheinwestfalen"]
[Date "2016.03.13"]
[Round "8.4"]
[White "Krauth, Alexander"]
[Black "Mittmann, Johannes"]
[Result "1-0"]
[WhiteElo "2064"]
[BlackElo "2017"]
[PlyCount "117"]
[EventDate "2015.09.27"]
[EventType "team-tourn"]
[EventRounds "9"]
[EventCountry "GER"]
[SourceTitle "EXT 2022"]
[Source "ChessBase"]
[SourceDate "2021.10.06"]
[SourceVersion "1"]
[SourceVersionDate "2021.10.06"]
[SourceQuality "1"]
[WhiteTeam "Koeln SF II"]
[BlackTeam "Godesberg III"]
[WhiteTeamCountry "GER"]
[BlackTeamCountry "GER"]

1. d4 d5 2. Bf4 Nf6 3. e3 c5 4. c3 Qb6 5. Qb3 c4 6. Qxb6 axb6 7. Nd2 Bf5 8. h3 h6 9. g4 Bh7 10. Bg2 b5 11. a3 Nbd7 12. Bc7 e6 13. Rc1 Be7 14. f3 0-0 15. e4 Rfc8 16. Bf4 Nb6 17. Ne2 Nfd7 18. h4 Re8 19. g5 hxg5 20. hxg5 e5 21. Be3 Bd6 22. Kf2 Na4 23. Rb1 f5 24. gxf6 Nxf6 25. b3 exd4 26. Bxd4 Nc5 27. bxc4 bxc4 28. Rb6 Bf8 29. Nf4 dxe4 30. Nxc4 exf3 31. Bxf3 Be4 32. Nd6 Bxf3 33. Kxf3 Bxd6 34. Rxd6 Ncd7 35. Rg1 Kf8 36. Rxg7 Kxg7 37. Rxd7+ Kh6 38. Bxf6 Rxa3 39. Rxb7 Rc8 40. Bg7+ Kh7 41. Kg4 Rg8 42. Ne6 Kg6 43. Bd4 Kh6+ 44. Kf5 Ra5+ 45. Ke4 Ra6 46. Nc5 Re8+ 47. Kd3 Rc6 48. Kc4 Rec8 49. Kd5 Kg6 50. c4 Kf5 51. Rf7+ Kg6 52. Rd7 Kf5 53. Rg7 Kf4 54. Nd3+ Kf5 55. c5 Ra6 56. Rd7 Ra5 57. Ne5 Rb5 58. Nc4 Rb1 59. Nd6+ 1-0

[Event "Mittelrhein Regionalliga 1314"]
[Site "Mittelrhein"]
[Date "2014.02.09"]
[Round "7.8"]
[White "Mittmann, Johannes"]
[Black "Bekritski, Evgeni"]
[Result "0-1"]
[WhiteElo "2042"]
[BlackElo "1925"]
[PlyCount "207"]
[EventDate "2013.09.15"]
[EventType "team-tourn"]
[EventRounds "11"]
[EventCountry "GER"]
[SourceTitle "EXT 2023"]
[Source "ChessBase"]
[SourceDate "2022.10.05"]
[SourceVersion "1"]
[SourceVersionDate "2022.10.05"]
[SourceQuality "1"]
[WhiteTeam "Godesberg II"]
[BlackTeam "Koeln Ford SF"]
[WhiteTeamCountry "GER"]
[BlackTeamCountry "GER"]

1. e4 c5 2. Nf3 d6 3. d4 cxd4 4. Nxd4 Nf6 5. Nc3 a6 6. Bg5 e6 7. f4 Nbd7 8. Qf3 Qc7 9. 0-0-0 b6 10. Bd3 Bb7 11. Rhe1 Be7 12. Qg3 h6 13. Bh4 Bf8 14. Qh3 g5 15. Nxe6 fxe6 16. Qxe6+ Be7 17. e5 Nf8 18. Qb3 dxe5 19. fxe5 N6d7 20. Nd5 Bxd5 21. Qxd5 Rc8 22. Bg3 Qc5 23. Qf3 Rc6 24. Bf5 Ne6 25. Rd5 Qc4 26. Red1 Rc7 27. Bg6+ Kd8 28. Kb1 Rf8 29. Qe3 Bc5 30. Qd2 Nd4 31. Rxd4 Qxd4 32. Qxd4 Bxd4 33. e6 Rc6 34. Bh5 Rxe6 35. Rxd4 Rf1+ 36. Bd1 Ke7 37. Kc1 Nc5 38. Rd2 Ne4 39. Re2 Nxg3 40. Rxe6+ Kxe6 41. hxg3 Rg1 42. g4 Rxg2 43. Bf3 Rf2 44. Bb7 a5 45. a3 Ke5 46. Bc8 Kf4 47. b4 axb4 48. axb4 Ke3 49. Kb2 Kd4 50. Be6 Rh2 51. Kb3 h5 52. gxh5 Rxh5 53. c3+ Ke5 54. Bc8 Rh8 55. Bb7 g4 56. Kc4 Kd6 57. Kd4 Rf8 58. Ke3 g3 59. Bf3 Ke5 60. c4 Rf7 61. c5 bxc5 62. bxc5 Ra7 63. Bg2 Ra3+ 64. Ke2 Kf4 65. c6 Ra2+ 66. Kf1 Rc2 67. Bd5 Kg4 68. Kg1 Kh4 69. Be4 Rc4 70. Bd5 Rc5 71. Be4 Kh3 72. Bg2+ Kg4 73. Be4 Re5 74. c7 Rc5 75. c8Q+ Rxc8 76. Bd5 Rd8 77. Be4 Rd4 78. Bc6 Kh3 79. Bg2+ Kg4 80. Bc6 Rd2 81. Be4 Re2 82. Bc6 Re7 83. Kg2 Re2+ 84. Kg1 Rd2 85. Be4 Rd4 86. Bb7 Rc4 87. Bd5 Rd4 88. Bb7 Rd2 89. Be4 Rb2 90. Bd5 Rb6 91. Be4 Rb5 92. Kg2 Kf4 93. Bc6 Rc5 94. Bb7 Rc2+ 95. Kg1 Rb2 96. Bc6 Rc2 97. Bd5 g2 98. Kh2 Rd2 99. Bc6 Kg4 100. Bb7 Rf2 101. Bc6 g1Q+ 102. Kxg1 Kg3 103. Bd5 Rd2 104. Bb3 0-1

[Event "Mittelrhein Regionalliga 1314"]
[Site "Mittelrhein"]
[Date "2013.12.15"]
[Round "5.8"]
[White "Koch, Matthias1111"]
[Black "Mittmann, Johannes"]
[Result "1/2-1/2"]
[WhiteElo "1980"]
[BlackElo "2042"]
[PlyCount "81"]
[EventDate "2013.09.15"]
[EventType "team-tourn"]
[EventRounds "11"]
[EventCountry "GER"]
[SourceTitle "EXT 2023"]
[Source "ChessBase"]
[SourceDate "2022.10.05"]
[SourceVersion "1"]
[SourceVersionDate "2022.10.05"]
[SourceQuality "1"]
[WhiteTeam "Bonn Beuel"]
[BlackTeam "Godesberg II"]
[WhiteTeamCountry "GER"]
[BlackTeamCountry "GER"]

1. e4 e5 2. Nc3 Nf6 3. f4 d5 4. fxe5 Nxe4 5. d3 Nxc3 6. bxc3 d4 7. Nf3 Nc6 8. cxd4 Bb4+ 9. Bd2 Bxd2+ 10. Qxd2 Nxd4 11. c3 Nxf3+ 12. gxf3 f6 13. 0-0-0 0-0 14. f4 fxe5 15. fxe5 Qd5 16. d4 Be6 17. Bg2 Qa5 18. Kb1 Bxa2+ 19. Qxa2+ Qxa2+ 20. Kxa2 Rf2+ 21. Kb3 Rxg2 22. e6 Re2 23. d5 Rf8 24. Rhf1 Rf6 25. h4 Re4 26. h5 Re5 27. Rxf6 gxf6 28. h6 Kf8 29. d6 cxd6 30. Rxd6 f5 31. Rd8+ Ke7 32. Rd7+ Kf6 33. Rxh7 Rxe6 34. Kc4 Rb6 35. Rd7 Rb1 36. h7 Rh1 37. Rxb7 a5 38. Ra7 f4 39. Ra6+ Ke5 40. Kd3 Rxh7 41. Rxa5+ 1/2-1/2

[Event "Verbandsliga Mittelrhein-Ost 1213"]
[Site "Germany"]
[Date "2012.12.02"]
[Round "5.5"]
[White "Mittmann, Johannes"]
[Black "Schilcher, Adrian"]
[Result "1/2-1/2"]
[WhiteElo "1960"]
[BlackElo "1814"]
[PlyCount "119"]
[EventDate "2012.09.09"]
[EventType "team"]
[EventRounds "11"]
[EventCountry "GER"]
[SourceTitle "EXT 2015"]
[Source "ChessBase"]
[SourceDate "2014.11.20"]
[SourceVersion "1"]
[SourceVersionDate "2014.11.20"]
[SourceQuality "1"]
[WhiteTeam "Godesberg V"]
[BlackTeam "Lohmar"]
[WhiteTeamCountry "GER"]
[BlackTeamCountry "GER"]

1. e4 c5 2. Nf3 d6 3. d4 cxd4 4. Nxd4 Nf6 5. Nc3 a6 6. Bg5 e6 7. f4 h6 8. Bh4 Qb6 9. Qd2 Qxb2 10. Nb3 Nc6 11. Bxf6 gxf6 12. a3 Na5 13. Ra2 Nxb3 14. Rxb2 Nxd2 15. Kxd2 Be7 16. Be2 b5 17. a4 bxa4 18. Nxa4 0-0 19. Nb6 Ra7 20. Nxc8 Rxc8 21. f5 a5 22. Ra1 Rc5 23. Ra3 Rac7 24. Rb8+ Kh7 25. Bd3 Kg7 26. Ra4 Rc8 27. Rxc8 Rxc8 28. Rxa5 Rc5 29. Ra7 Kf8 30. Ra8+ Kg7 31. Ra7 Kf8 32. Ra8+ Kg7 33. Re8 Bf8 34. Rb8 exf5 35. exf5 Re5 36. h3 Be7 37. Rb7 Bd8 38. Kc3 Kf8 39. Kd4 Kg7 40. Bc4 Rxf5 41. Rxf7+ Kg6 42. Rb7 Re5 43. Bd3+ Kg5 44. Rg7+ Kh5 45. Bg6+ Kh4 46. Be4 f5 47. Bf3 Bf6 48. Rg6 Re4+ 49. Kd5 Rd4+ 50. Ke6 Bg5 51. Kxf5 Rc4 52. Rxd6 Rxc2 53. Rd3 Rc5+ 54. Ke4 Kg3 55. Kd4 Rc7 56. Bd5+ Kh4 57. Be6 Bf6+ 58. Ke4 Rc3 59. g3+ Kg5 60. Rxc3 1/2-1/2

[Event "Verbandsliga Mittelrhein-Ost 1213"]
[Site "Germany"]
[Date "2012.10.21"]
[Round "3.5"]
[White "Mittmann, Johannes"]
[Black "Herzwurm, Robert"]
[Result "1/2-1/2"]
[WhiteElo "1960"]
[BlackElo "2017"]
[PlyCount "60"]
[EventDate "2012.09.09"]
[EventType "team"]
[EventRounds "11"]
[EventCountry "GER"]
[SourceTitle "EXT 2015"]
[Source "ChessBase"]
[SourceDate "2014.11.20"]
[SourceVersion "1"]
[SourceVersionDate "2014.11.20"]
[SourceQuality "1"]
[WhiteTeam "Godesberg V"]
[BlackTeam "Euskirchen Turm"]
[WhiteTeamCountry "GER"]
[BlackTeamCountry "GER"]

1. e4 e6 2. d4 d5 3. Nd2 Nf6 4. e5 Nfd7 5. Bd3 c5 6. c3 Nc6 7. Ne2 cxd4 8. cxd4 f6 9. exf6 Nxf6 10. Nf3 Bd6 11. 0-0 0-0 12. Bf4 Bxf4 13. Nxf4 Ne4 14. g3 Qf6 15. h4 g5 16. hxg5 Nxg5 17. Kg2 e5 18. Nxe5 Nxe5 19. dxe5 Qxe5 20. Qh5 Rxf4 21. gxf4 Qxf4 22. Rh1 Bg4 23. Bxh7+ Kh8 24. Qh4 Bf3+ 25. Kg1 Qxh4 26. Rxh4 Nxh7 27. Rc1 Be4 28. Kf1 Kg8 29. Rc7 b5 30. Ke2 Nf6 1/2-1/2

[Event "Bad Godesberg op 16th"]
[Site "Bad Godesberg"]
[Date "2012.07.11"]
[Round "5"]
[White "Mittmann, Johannes"]
[Black "Knosowski, Hans Josef"]
[Result "1-0"]
[WhiteElo "2033"]
[BlackElo "1921"]
[PlyCount "77"]
[EventDate "2012.07.07"]
[EventType "swiss"]
[EventRounds "9"]
[EventCountry "GER"]
[SourceTitle "CBM 149 Extra"]
[Source "ChessBase"]
[SourceDate "2012.08.24"]
[SourceVersion "1"]
[SourceVersionDate "2012.08.24"]
[SourceQuality "1"]

1. e4 e5 2. Nf3 Nc6 3. d4 exd4 4. Nxd4 Nf6 5. Nxc6 bxc6 6. e5 Nd5 7. c4 Bb4+ 8. Nd2 Nf4 9. a3 Be7 10. Nf3 Ne6 11. Bd3 d5 12. exd6 cxd6 13. 0-0 Bf6 14. Rb1 0-0 15. Bc2 Ba6 16. Bd3 Nc5 17. Be2 Qd7 18. Be3 Rad8 19. Qc2 Ne6 20. Rfd1 Qb7 21. Bd3 g6 22. b4 Qc7 23. a4 c5 24. b5 Bb7 25. Be4 Rb8 26. Bxb7 Rxb7 27. Rd5 Qb8 28. Rbd1 Rd8 29. h4 Be7 30. Bh6 Bf6 31. h5 Nd4 32. Qd3 Re8 33. Nxd4 Bxd4 34. Bf4 Re6 35. Qg3 Qe8 36. Rxd6 Re1+ 37. Rxe1 Qxe1+ 38. Kh2 Rb8 39. Rxd4 1-0

[Event "Mittelrhein Verbandsliga-M 1112"]
[Site "Germany"]
[Date "2012.02.05"]
[Round "6.2"]
[White "Mittmann, Johannes"]
[Black "Bayer, Udo"]
[Result "1-0"]
[WhiteElo "1926"]
[BlackElo "1999"]
[PlyCount "63"]
[EventDate "2011.09.18"]
[EventType "team-tourn"]
[EventRounds "11"]
[EventCountry "GER"]
[SourceTitle "EXT 2013"]
[Source "ChessBase"]
[SourceDate "2012.11.22"]
[SourceVersion "1"]
[SourceVersionDate "2012.11.22"]
[SourceQuality "1"]
[WhiteTeam "Godesberg V"]
[BlackTeam "Hitdorf SV Springer"]
[WhiteTeamCountry "GER"]
[BlackTeamCountry "GER"]

1. e4 e5 2. Nf3 Nc6 3. d4 exd4 4. Nxd4 Bc5 5. Nxc6 Qf6 6. Qf3 bxc6 7. Nd2 d6 8. Nb3 Bb6 9. Bd2 Qxf3 10. gxf3 Ne7 11. c4 c5 12. Bc3 0-0 13. Rg1 f6 14. h4 a5 15. a4 Nc6 16. Be2 Nd4 17. Bxd4 cxd4 18. c5 dxc5 19. Rc1 f5 20. Nxc5 fxe4 21. fxe4 Rf4 22. h5 c6 23. f3 Rh4 24. Nd3 c5 25. Nxc5 Rxh5 26. Bc4+ Kh8 27. Bd5 Rb8 28. Nd3 Ba6 29. Bc4 Bb7 30. Rc2 Rh3 31. Nf4 Rxf3 32. Ng6+ 1-0

[Event "Mittelrhein Verbandsliga-M 1112"]
[Site "Germany"]
[Date "2011.12.11"]
[Round "4.2"]
[White "Mittmann, Johannes"]
[Black "Di Franco, Patricio"]
[Result "1-0"]
[WhiteElo "1950"]
[BlackElo "2005"]
[PlyCount "81"]
[EventDate "2011.09.18"]
[EventType "team-tourn"]
[EventRounds "11"]
[EventCountry "GER"]
[SourceTitle "EXT 2013"]
[Source "ChessBase"]
[SourceDate "2012.11.22"]
[SourceVersion "1"]
[SourceVersionDate "2012.11.22"]
[SourceQuality "1"]
[WhiteTeam "Godesberg V"]
[BlackTeam "Koeln Lasker II"]
[WhiteTeamCountry "GER"]
[BlackTeamCountry "GER"]

1. e4 c5 2. Nf3 Nc6 3. d4 cxd4 4. Nxd4 Nf6 5. Nc3 d6 6. Bg5 Bd7 7. Qd2 Rc8 8. 0-0-0 Nxd4 9. Qxd4 Qa5 10. h4 Rxc3 11. bxc3 e5 12. Qc4 d5 13. exd5 Ba3+ 14. Kb1 0-0 15. Bxf6 Rc8 16. Bxe5 Rxc4 17. Bxc4 Qc5 18. Bb3 a5 19. Bd4 Qb5 20. c4 Qa6 21. Bb2 Bxb2 22. Kxb2 a4 23. c3 axb3 24. axb3 Qb6 25. Rd4 h5 26. Re1 Qf6 27. Re2 Kf8 28. d6 g6 29. g3 Qf3 30. Rdd2 Qf5 31. Re7 g5 32. hxg5 Qxg5 33. f4 Qf5 34. Rd5 Qh3 35. Ka3 f6 36. f5 Bc6 37. d7 Bxd7 38. Rexd7 Qxg3 39. Rd8+ Kg7 40. R5d7+ Kh6 41. Rh8+ 1-0

[Event "Bad Godesberg op 15th"]
[Site "Bad Godesberg"]
[Date "2011.07.31"]
[Round "9"]
[White "Zentgraf, Robert"]
[Black "Mittmann, Johannes"]
[Result "1-0"]
[WhiteElo "2072"]
[BlackElo "1950"]
[PlyCount "83"]
[EventDate "2011.07.23"]
[EventType "swiss"]
[EventRounds "9"]
[EventCountry "GER"]
[SourceTitle "EXT 2017"]
[Source "ChessBase"]
[SourceDate "2016.10.25"]
[SourceVersion "1"]
[SourceVersionDate "2016.10.25"]
[SourceQuality "1"]

1. Nf3 d5 2. d4 Nf6 3. g3 c6 4. Bg2 Bf5 5. 0-0 e6 6. c4 dxc4 7. Ne5 Nbd7 8. Nxc4 Nb6 9. b3 Be7 10. Bb2 0-0 11. Nbd2 Bg4 12. Ne5 Bh5 13. Ndf3 Nbd7 14. Rc1 c5 15. Nxd7 Nxd7 16. d5 Bg4 17. h3 Bf5 18. Re1 Be4 19. dxe6 fxe6 20. Qd2 Nf6 21. Qe3 Bd5 22. Rcd1 Ne4 23. Rf1 Bf6 24. Ne5 Bxe5 25. Bxe5 Qg5 26. Qxg5 Nxg5 27. Bxd5 exd5 28. Rxd5 Ne6 29. Rfd1 b6 30. Rd7 Rfd8 31. f4 g6 32. e4 Nd4 33. Rxd8+ Rxd8 34. Bxd4 cxd4 35. Kf2 Kf7 36. Ke2 Ke7 37. Rc1 Kd6 38. Kd3 g5 39. Rc4 Ke6 40. Rc6+ Kd7 41. Rh6 gxf4 42. gxf4 1-0

[Event "Bad Godesberg op 15th"]
[Site "Bad Godesberg"]
[Date "2011.07.27"]
[Round "5"]
[White "Mittmann, Johannes"]
[Black "Weiler, Wolfgang"]
[Result "1/2-1/2"]
[WhiteElo "1950"]
[BlackElo "2005"]
[PlyCount "94"]
[EventDate "2011.07.23"]
[EventType "swiss"]
[EventRounds "9"]
[EventCountry "GER"]
[SourceTitle "EXT 2017"]
[Source "ChessBase"]
[SourceDate "2016.10.25"]
[SourceVersion "1"]
[SourceVersionDate "2016.10.25"]
[SourceQuality "1"]

1. e4 g6 2. d4 Bg7 3. Nc3 d6 4. Be3 c6 5. Qd2 Nd7 6. h3 a6 7. f4 b5 8. Nf3 Nb6 9. a4 b4 10. Nd1 a5 11. Bd3 Nf6 12. 0-0 0-0 13. Nh4 Ba6 14. Qe2 Bb7 15. f5 Rc8 16. c3 c5 17. Nf2 Nh5 18. Qg4 Nf6 19. Qe2 cxd4 20. Bxd4 Nbd7 21. cxb4 axb4 22. Nf3 Nc5 23. Rfe1 Nb3 24. fxg6 hxg6 25. Rad1 Nxd4 26. Nxd4 Qa5 27. Bb5 Qa8 28. Rd2 Rc5 29. Qd3 Re5 30. Rde2 d5 31. Qb3 dxe4 32. Qxb4 e3 33. Nd3 Nd5 34. Qb3 Rg5 35. Nf3 Rg3 36. Rf1 e5 37. Nc5 Nf4 38. Nxb7 Qxb7 39. Qxe3 Nxe2+ 40. Qxe2 e4 41. Qe1 Rxg2+ 42. Kxg2 exf3+ 43. Rxf3 Bxb2 44. Qb1 Bf6 45. Bd3 Qd5 46. Qb5 Qa8 47. Qa6 Qxa6 1/2-1/2